Nadobúdanie nehnuteľnosti v dobrovoľnej dražbe
Kúpa nehnuteľnosti ako zaujímavá investičná príležitosť. Legislatívne spôsoby nadobudnutia vlastníckeho práva k nehnuteľnosti.
Uložené v:
| Médium: | Kapitola |
|---|---|
| Jazyk: | Slovak |
| Predmet: | |
| Tagy: |
Žiadne tagy, Buďte prvý, kto otaguje tento záznam!
|
MARC
| LEADER | 00000naa a2200000 4500 | ||
|---|---|---|---|
| 001 | 0241548 | ||
| 005 | 20180327071505.8 | ||
| 041 | 0 | |a slo | |
| 044 | |a SK | ||
| 245 | 1 | 0 | |a Nadobúdanie nehnuteľnosti v dobrovoľnej dražbe |
| 520 | |a Kúpa nehnuteľnosti ako zaujímavá investičná príležitosť. Legislatívne spôsoby nadobudnutia vlastníckeho práva k nehnuteľnosti. | ||
| 610 | 2 | 0 | |a nehnuteľnosti |
| 610 | 2 | 0 | |a dražby |
| 610 | 2 | 0 | |a právo vlastnícke |
| 610 | 2 | 0 | |a zmluvy kúpne |